=LDR 00000nam 2200000 4500 =001 INLIS000000000051076 =990 ##$$a 21702678 =005 20210505104525 =990 ##$$a 21702680 =035 ##$$a 0010-0817000259 =990 ##$$a 21702679 =007 ta =990 ##$$a 21702677 =020 ##$$a 978.602.8730.61-7 =990 ##$$a 21702676 =040 ##$$a NBPDMAT =990 ##$$a 21705279 =082 ##$$a 342.06 =990 ##$$a 21705278 =090 ##$$a 342.069 598 Tit h =990 ##$$a 21705277 =100 ##$$a Titik Triwulan T =990 ##$$a 21705276 =245 1#$$a Hukum tata usaha negara dan hukum acara peradilan tata usaha negara Indonesia /$c Titik Triwulan T; Kombes Pol, Ismu Gunadi Widodo; penyunting, Abdul Aziz =990 ##$$a 21705280 =250 ##$$a Cet. 3 =260 ##$$a Jakarta :$b Premadamedia Group,$c 2016 =300 ##$$a xxiv, 684 hlm. : $b ilus. ; $c 23 x 15 cm. =650 #4$$a Hukum Tata Usaha Negara =850 ##$$a NBPDMAT =504 ##$$a Bibliograti : hlm. 671 - 684 =008 210505################e##########e#ind## =084 ##$$a 342.06 TIT h =990 ##$$a 21702680 =990 ##$$a 21702679 =990 ##$$a 21702678 =990 ##$$a 21702677 =990 ##$$a 21702676 =990 ##$$a 21705280 =990 ##$$a 21705279 =990 ##$$a 21705278 =990 ##$$a 21705277 =990 ##$$a 21705276 =990 ##$$a 21705276 =990 ##$$a 21702680 =990 ##$$a 21702679 =990 ##$$a 21702678 =990 ##$$a 21702677 =990 ##$$a 21702676 =990 ##$$a 21705279 =990 ##$$a 21705278 =990 ##$$a 21705277 =990 ##$$a 21705277 =990 ##$$a 21702680 =990 ##$$a 21702679 =990 ##$$a 21702678 =990 ##$$a 21702677 =990 ##$$a 21702676 =990 ##$$a 21705279 =990 ##$$a 21705278 =990 ##$$a 21705276 =990 ##$$a 21705278 =990 ##$$a 21702680 =990 ##$$a 21702679 =990 ##$$a 21702678 =990 ##$$a 21702677 =990 ##$$a 21702676 =990 ##$$a 21705279 =990 ##$$a 21705277 =990 ##$$a 21705276 =990 ##$$a 21705279 =990 ##$$a 21702680 =990 ##$$a 21702679 =990 ##$$a 21702678 =990 ##$$a 21702677 =990 ##$$a 21702676 =990 ##$$a 21705278 =990 ##$$a 21705277 =990 ##$$a 21705276 =990 ##$$a 21702676 =990 ##$$a 21702680 =990 ##$$a 21702679 =990 ##$$a 21702678 =990 ##$$a 21702677 =990 ##$$a 21705279 =990 ##$$a 21705278 =990 ##$$a 21705277 =990 ##$$a 21705276 =990 ##$$a 21702677 =990 ##$$a 21702680 =990 ##$$a 21702679 =990 ##$$a 21702678 =990 ##$$a 21702676 =990 ##$$a 21705279 =990 ##$$a 21705278 =990 ##$$a 21705277 =990 ##$$a 21705276 =990 ##$$a 21702678 =990 ##$$a 21702680 =990 ##$$a 21702679 =990 ##$$a 21702677 =990 ##$$a 21702676 =990 ##$$a 21705279 =990 ##$$a 21705278 =990 ##$$a 21705277 =990 ##$$a 21705276 =990 ##$$a 21702679 =990 ##$$a 21702680 =990 ##$$a 21702678 =990 ##$$a 21702677 =990 ##$$a 21702676 =990 ##$$a 21705279 =990 ##$$a 21705278 =990 ##$$a 21705277 =990 ##$$a 21705276 =990 ##$$a 21702680 =990 ##$$a 21702679 =990 ##$$a 21702678 =990 ##$$a 21702677 =990 ##$$a 21702676 =990 ##$$a 21705279 =990 ##$$a 21705278 =990 ##$$a 21705277 =990 ##$$a 21705276 =990 ##$$a 21702677 =990 ##$$a 21702680 =990 ##$$a 21702679 =990 ##$$a 21702678 =990 ##$$a 21702676 =990 ##$$a 21705279 =990 ##$$a 21705278 =990 ##$$a 21705277 =990 ##$$a 21705276 =990 ##$$a 21702676 =990 ##$$a 21702680 =990 ##$$a 21702679 =990 ##$$a 21702678 =990 ##$$a 21702677 =990 ##$$a 21705279 =990 ##$$a 21705278 =990 ##$$a 21705277 =990 ##$$a 21705276 =990 ##$$a 21705277 =990 ##$$a 21702680 =990 ##$$a 21702679 =990 ##$$a 21702678 =990 ##$$a 21702677 =990 ##$$a 21702676 =990 ##$$a 21705279 =990 ##$$a 21705278 =990 ##$$a 21705276 =990 ##$$a 21705276 =990 ##$$a 21702680 =990 ##$$a 21702679 =990 ##$$a 21702678 =990 ##$$a 21702677 =990 ##$$a 21702676 =990 ##$$a 21705279 =990 ##$$a 21705278 =990 ##$$a 21705277 =990 ##$$a 02220222 =990 ##$$a 21705280 =990 ##$$a 21702680 =990 ##$$a 21702679 =990 ##$$a 21702678 =990 ##$$a 21702677 =990 ##$$a 21702676 =990 ##$$a 21705279 =990 ##$$a 21705278 =990 ##$$a 21705277 =990 ##$$a 21705276